000 00609nam a2200205Ia 4500
005 20250923145117.0
008 008 250917s9999 xx 000 0 eng d
037 _aTextual
040 _aDSWL
_beng
_cDSWL
041 _aeng
_2eng
084 _aY492.731GM60<-M20, N64
_qDSWL
100 _aWade, Richard C.
_9831892
245 0 _aSlavery in the cities
_cby Richard C.Wade
260 _aNew York
_b Oxford University Press
_c1964
300 _ax,112 p.
365 _aUSD
_b6.75
925 _g6.75
942 _cTEXL
_hY492.731GM60<-M20, N64
999 _c1447222
_d1447222